000 00736nas a2200241 454500
001 36713
005 20260407193509.0
008 260407s2000####ag###########|||spa#d
003 AR-UNSa-BCEJYS
040 _aAR-UNSa-BCEJYS
_bspa
_cAR-UNSa-BCEJYS
080 _a34
_xDerecho
245 1 0 _aRevista de la AAJ
264 1 _aBuenos Aires :
_bAsociación Americana de Juristas
_c2000
310 _aFrecuencia: Irregular
041 _aspa
942 _cSER
590 _aniveau_biblio:s niveau_hierar:1
100 1 _aAsociación Americana de Juristas (AAJ)
700 1 _aSzmukler, Beinusz
650 _aDerechos humanos
650 _aDerecho
856 4 1 _uhttps://170.210.207.44/pmb/images/revistas/R18993.jpg
_yImagen de portada
_qimage/jpeg
999 _c8799
_d8799